Μουσικοπαιδαγωγικά : ανοικτό σχέδιο εργασίας : φλογέρα - κρουστά όργανα - τραγούδια
Saved in:
| Main Author: | |
|---|---|
| Format: | Book |
| Language: | Greek |
| Published: |
Αθήνα :
Φίλιππος Νάκας,
[199-]
|
| Subjects: | |
| Tags: |
Add Tag
No Tags, Be the first to tag this record!
|
MARC
| LEADER | 00000nam a2200000 i 4500 | ||
|---|---|---|---|
| 001 | 1/12467 | ||
| 008 | 000926q19962000 gre d | ||
| 020 | |a 960-290-280-9 | ||
| 035 | |l 10064221 | ||
| 040 | |a GR-MY-UA |b gre |e aacr | ||
| 041 | 0 | |a gre | |
| 082 | 0 | |a 372.87 | |
| 100 | 1 | |a Χαραλάμπους, Ανδρέας. | |
| 245 | 1 | 0 | |a Μουσικοπαιδαγωγικά : |b ανοικτό σχέδιο εργασίας : φλογέρα - κρουστά όργανα - τραγούδια / |c Ανδρέα Χαραλάμπους |
| 260 | |a Αθήνα : |b Φίλιππος Νάκας, |c [199-] | ||
| 300 | |a 137 σ. | ||
| 650 | 0 | 0 | |a Children's songs. |
| 650 | 0 | 0 | |a Music |x Instruction and study. |
| 852 | |a INST |b RHODES |e 20000926 |h 372.87 ΧΑΡ |p 005400013455 |q 005400013455 |t BK |y 0 | ||
| 852 | |a INST |b RHODES |e 20010327 |h 372.87 ΧΑΡ |p 005400017086 |q 005400017086 |t BK |y 0 | ||
| 901 | |a BIBL4-2000-2 | ||
| 909 | |a Ρ |b 078570 | ||
| 909 | |a Ρ |b 084945 | ||
| 922 | |a 4ΔΩΡ |b 200004 |c ΔΩΡΕΑ | ||
| 922 | |a 4ΔΩΡ |b 200103 |c ΔΩΡΕΑ | ||
| 970 | |a ΧΟΡΟΖΙΔΟΥ |b ΤΖΕΝΗ |z 2000/09/26 | ||